1797 1527 1748 1830 1896 1444 1050 1097 1509 1520 1916 1714 1379 1089 1165 1793 1680 1919 1945 1636 1349 1755 1387 1463 1111 1479 1739 1815 1075 1896 1369 1202 1007 1476 1870 1793 1192 1618 1399 1475 1063 1538 1146 1920 1256 1462 1504 1674 1785 1464 1263 1874 1804 1033 1572 1715 1462 1438 1605 1830 1172 1487 1957 1188 1311 1396 1910 1028 1761 1917 1571 1969 1884 1642 1764 1349 1764 1613 1997 1462 1453 1882 1127 1075 1974 1219 1624 1578 1594 1996 1692 1293 1180 1175 1707 1484 1495 1523 1276 BCNSPRNW ULIB Ver.6.0+V

เปลี่ยนเป็นภาษาไทย

Change to English
 แสดงรายละเอียดบรรณานุกรม
  กลับหน้าหลัก

Brief Record : Get Marc (ISO 2709) : E-mail record : QR code < ปิดหน้าต่าง
LEADER : 00000nam 2200000uu 4500
001    13399112799
003     ULIB
008    110627s2552||||th 000 0 tha d
020    9789742467258
090    นว.^bด899จ 2552
100 0  เดวี่,พริตตี้
245 00 เจ้าชายจอมซ่าส์กับซินเดอเรลล่าสุดเซอร์/^cเดวี่,พริตตี้
250    พิมพ์ครั้งที่ 2
260    กรุงเทพฯ :^bเลิฟเบอร์รี่บุ๊ค,^c2552
300    178 หน้า
710 1  เลิฟเบอร์รี่บุ๊ค
945    ^p148^l0^i026479
995    ทศพร
999 ^a ใช้งานได้ทุกระบบ
รายการนี้ยังไม่มีแท็ก
คุณยังไม่ได้ล็อกอิน คุณสามารถมีกิจกรรมร่วมกับเว็บไซต์ได้ แต่ต้องล็อกอินก่อน ::
  ล็อกอิน

รายการสื่อสารสนเทศ

ลำดับที่ ประเภท เลขเรียก/บาร์โค้ด สถานที่ สถานะ
- ไม่พบข้อมูล -

BibComment


ยังไม่เคยถูกคอมเมนท์

คอมเมนท์ทรัพยากรรายการนี้
  คอมเมนท์: เจ้าชายจอมซ่าส์กั..


 Copyright 2026. Bcnsprnw @Library